|
|
|
|
| LEADER |
00000nab a2200000uu 4500 |
| 001 |
vtls010885003 |
| 003 |
SK-MaSNL |
| 005 |
20260303144714.0 |
| 008 |
230222|1960 xo |||||||||||||||||slo| |
| 015 |
|
|
|a SNBRB
|
| 035 |
|
|
|a (urnnbn)urn:nbn:sk:snk:ar-007aet
|
| 035 |
|
|
|a (uuid)afbcf2dc-4589-425e-a44a-add0966e5e53
|
| 035 |
|
|
|a urn:nbn:sk:snk-ab8g62
|
| 040 |
|
|
|a SNKBUCL
|b slo
|c SNKBUCL
|e AACR2
|
| 041 |
0 |
|
|a slo
|
| 044 |
|
|
|a xo
|c SK
|
| 100 |
1 |
|
|a Jurík, Marián,
|d 1933-1999
|4 aut
|9 114076
|
| 245 |
1 |
0 |
|a SMETANOV LITOMYŠL 1960
|c Marián Jurík
|
| 773 |
0 |
|
|t Slovenská hudba : revue pre hudobnú kultúru
|g Roč. 4, č. 8 (1960), s. 407-409
|
| 954 |
|
|
|a odborná, vedecká literatúra pôvodná (slovenská)
|2 lita
|
| 958 |
|
|
|a OND
|
| 958 |
|
|
|a EUIPO
|
| 958 |
|
|
|a article10
|
| 999 |
|
|
|c 1998428
|d 2000358
|